El bosque nativo: segundo ciclo de enseñanza básica

Saved in:
Bibliografiske detaljer
Main Authors: Jofré Canobra, Jenia (Author), Jáuregui Morales, Pedro (Author)
Format: Bog
Sprog:spansk
Udgivet: Santiago Ministerio de Educación 1999
Serier:Programa Educación Ambiental
Fag:
Tags: Tilføj Tag
Ingen Tags, Vær først til at tagge denne postø!

MARC

LEADER 00000nam a2200000 a 4500
001 UCO6507
003 CL-VaPUC
008 001020e19990000CL |||||||||||||||||spa|d
082 0 4 |a 372.357  |b JOF  |2 21 
100 0 |a Jofré Canobra, Jenia  |e author  |9 451182 
700 |a Jáuregui Morales, Pedro  |e author  |9 488647 
245 1 3 |a El bosque nativo: segundo ciclo de enseñanza básica 
300 |a 69 p 
942 |c BK 
945 |d 20001020 00:00:00  |a cmena 
260 |a Santiago  |b Ministerio de Educación  |c 1999 
650 0 |a Educación básica   |9 224933 
650 0 |a Educación ambiental  |9 262920 
650 0 |a Bosques  |9 269804 
650 0 |a Currículo  |9 307290 
650 0 |a Métodos de enseñanza  |9 270413 
650 0 |a Medio ambiente  |9 257625 
650 7 |a BOSQUES NATIVOS  |2 CL-VaPUC  |9 373720 
583 |a last modification  |c 20001020 00:00:00  |k Rodrigo Vera 
490 0 |a Programa Educación Ambiental 
999 |c 291999  |d 291997 
952 |0 0  |1 0  |4 0  |6 372_357000000000000_JOF_1999  |7 0  |8 P  |9 342411  |a BIBEDU  |b BIBEDU  |c BIBEDU_PB  |d 2019-11-20  |i 3647609  |o 372.357 JOF 1999  |p 3647609  |r 2024-01-25  |w 2019-11-20  |y BK  |k BME